Civilisation matérielle, économie et capitalisme : Tome 3 - Le temps du monde (notice n° 1925654)
[ vue normale ]
| 000 -LEADER | |
|---|---|
| fixed length control field | 01511cam a2200133 4500500 |
| 005 - DATE AND TIME OF LATEST TRANSACTION | |
| control field | 20260329023228.0 |
| 041 ## - LANGUAGE CODE | |
| Language code of text/sound track or separate title | fre |
| 042 ## - AUTHENTICATION CODE | |
| Authentication code | dc |
| 100 10 - MAIN ENTRY--PERSONAL NAME | |
| Personal name | Braudel, Fernand |
| Relator term | author |
| 245 00 - TITLE STATEMENT | |
| Title | Civilisation matérielle, économie et capitalisme : Tome 3 - Le temps du monde |
| 260 ## - PUBLICATION, DISTRIBUTION, ETC. | |
| Name of publisher, distributor, etc. | Armand Colin,<br/> |
| Date of publication, distribution, etc. | 2022.<br/> |
| 520 ## - SUMMARY, ETC. | |
| Summary, etc. | Les trois volumes de Civilisation matérielle, économie et capitalisme nous plongent dans l'histoire du monde du XVe au XVIIIe siècle, un extraordinaire voyage à travers le temps et l'espace des civilisations humaines. C'est aussi une réflexion magistrale sur la nature et le rôle de ce capitalisme, acteur toujours plus essentiel des sociétés de l’époque médiévale et moderne. Ce troisième volume, Le temps du monde, retrace l’histoire des flux et reflux des dominations à l’échelle internationale, basée sur deux blocs à la richesse ancienne que sont l’Europe d’un côté, l’Extrême-Orient (Chine, Inde, Islam) de l’autre. Il dépeint le bousculement de cet équilibre ancien qui voit s’imposer, successivement, les hauts lieux du capitalisme : Venise, Anvers, Gênes, Amsterdam et Londres. La fin de la période voit l’avènement des économies nationales de France et d’Angleterre, enfin la conquête britannique du monde appuyée sur la révolution industrielle qui scelle l’inégalité du monde. |
| 856 41 - ELECTRONIC LOCATION AND ACCESS | |
| Uniform Resource Identifier | <a href="https://shs.cairn.info/civilisation-materielle-economie-et-capitalisme--9782200633424?lang=fr&redirect-ssocas=7080">https://shs.cairn.info/civilisation-materielle-economie-et-capitalisme--9782200633424?lang=fr&redirect-ssocas=7080</a> |
Pas d'exemplaire disponible.




Réseaux sociaux